Pursuit of freedom ; a history of civil liberty in Illinois, 1787-1942 /

Bibliographic Details
Corporate Authors: Chicago Civil Liberties Committee, Illinois Civil Liberties Committee
Other Authors: Bernhard, Edgar, 1898-, Latimer, Ira, 1906-, O'Connor, Harvey, 1897-1987
Format: Book
Language:English
Published: Chicago, Ill. : Chicago Civil Liberties Committee : Illinois Civil Liberties Committee, [1942]
Subjects:

MARC

Tag First Indicator Second Indicator Subfields
LEADER 00000cam a2200000 4500
001 in00003473244
005 20151206104714.0
008 751107s1942 ilua 00000 eng
010 |a  42050606  
035 |a (OCoLC)ocm01815072 
040 |a DLC  |c JPL  |d OCL  |d TNY  |d UtOrBLW 
082 0 |a 323.44 
090 |a JC599.U5  |b C54 
110 2 |a Chicago Civil Liberties Committee. 
245 1 0 |a Pursuit of freedom ;  |b a history of civil liberty in Illinois, 1787-1942 /  |c Editorial committee: Edgar Bernhard, Ira Latimer, Harvey O'Connor. 
264 1 |a Chicago, Ill. :  |b Chicago Civil Liberties Committee :  |b Illinois Civil Liberties Committee,  |c [1942] 
300 |a x, 221 pages :  |b illustrations ;  |c 24 cm. 
336 |a text  |b txt  |2 rdacontent 
337 |a unmediated  |b n  |2 rdamedia 
338 |a volume  |b nc  |2 rdacarrier 
541 |a McLEAN 
650 0 |a Liberty. 
650 0 |a Civil rights  |z Illinois. 
700 1 |a Bernhard, Edgar,  |d 1898- 
700 1 |a Latimer, Ira,  |d 1906- 
700 1 |a O'Connor, Harvey,  |d 1897-1987. 
710 2 |a Illinois Civil Liberties Committee. 
999 |a MARS 
999 f f |s 6dbce8d2-9a69-3ac3-a8bf-94c5d21af426  |i 62729251-34d0-3c41-8979-bfff64ad4a62  |t 0 
952 f f |p ric  |a Texas A&M University  |b Rellis Campus  |c Joint Library Facility  |d Remote Storage  |t 0  |e JC599.U5 C54  |h Library of Congress classification  |i unmediated -- volume  |m 32060003992167 
998 f f |a JC599.U5 C54  |t 0  |l Remote Storage